000 00225nam a2200097Ia 4500
008 170619s9999 xx 000 0 und d
100 _aPapov Egor P
245 0 _aEngg.Mechanics of Solids
260 _bNew Delhi: PHI
260 _c2002
546 _aENGLISH
999 _c16648
_d16648